| 000 | 01757nas1a22002771i 4500 | ||
|---|---|---|---|
| 001 | RU\NLR\INFOCOMM9\5000117127 | ||
| 005 | 20260407091321.0 | ||
| 035 | _a(NLR Aleph) 002299156 | ||
| 090 |
_a4208990 _c4208990 |
||
| 100 | _a20051010a20009999|||y0rusy50 ca | ||
| 101 | 0 | _arus | |
| 102 | _aRU | ||
| 110 | _azyuzz 0|y| | ||
| 200 | 1 |
_aСтолпотворение _eНауч. -худож. прил. к журн. СПР "Мир перевода" _fСекция худож. пер. СПР. Союз переводчиков России, Центр пер. при МГЛУ |
|
| 210 |
_aМ. _cВАГРИУС _d2000 - |
||
| 422 | 0 |
_12001#$aМир перевода _tМир перевода |
|
| 712 | 0 | 2 |
_4570 _aСоюз переводчиков России _bСекция художественного перевода _3RU\NLR\AUTH\8810048948 _9597957 |
| 801 | 1 |
_aRU _bInfoComm _c20051010 |
|
| 801 | 0 |
_aRU _bNLR _gPSBO |
|
| 852 |
_aNLR _jП34/1604 |
||
| 942 | _cSE | ||
| 980 | _aRUSPER | ||